Essentials of Midwifery and Obstetrical Nursing (Record no. 157118)

MARC details
000 -LEADER
fixed length control field 00403nam a2200145Ia 4500
008 - FIXED-LENGTH DATA ELEMENTS--GENERAL INFORMATION
fixed length control field 230411s9999 xx 000 0 und d
020 ## - INTERNATIONAL STANDARD BOOK NUMBER
International Standard Book Number 978-93-5025-163-8
041 ## - LANGUAGE CODE
Language code of text/sound track or separate title eng
082 ## - DEWEY DECIMAL CLASSIFICATION NUMBER
Classification number OG/610.7367/BAS/B06809
100 ## - MAIN ENTRY--PERSONAL NAME
Personal name Basavanthappa BT
245 ## - TITLE STATEMENT
Title Essentials of Midwifery and Obstetrical Nursing
260 ## - PUBLICATION, DISTRIBUTION, ETC. (IMPRINT)
Name of publisher, distributor, etc. Jaypee Brothers
Place of publication, distribution, etc. Bangalore
Date of publication, distribution, etc. 2011
300 ## - PHYSICAL DESCRIPTION
Extent 660p
Holdings
Withdrawn status Lost status Damaged status Not for loan Collection code Home library Current library Date acquired Vendor Cost, normal purchase price Bill number Total Checkouts Full call number Barcode Date last seen Date last checked out Cost, replacement price Bill Date Koha item type Original Barcode Total Renewals
        Gynecology Smt. Bakul Tambat Institute of Nursing Education Smt. Bakul Tambat Institute of Nursing Education 26/09/2011 Jaypee Brothers Medical Publishers 350.00 3107 3 OG 610.7367 BAS B06809 BTIN-BK-6809 18/07/2025 07/07/2025 256.00 26/09/2011 Books B06809  
        Gynecology Smt. Bakul Tambat Institute of Nursing Education Smt. Bakul Tambat Institute of Nursing Education 26/09/2011 Jaypee Brothers Medical Publishers 350.00 3107 5 OG 610.7367 BAS B06810 BTIN-BK-6810 09/09/2025 03/09/2025 256.00 26/09/2011 Books B06810  
        Gynecology Smt. Bakul Tambat Institute of Nursing Education Smt. Bakul Tambat Institute of Nursing Education 26/09/2011 Jaypee Brothers Medical Publishers 350.00 3107 3 OG 610.7367 BAS B06811 BTIN-BK-6811 20/01/2026 05/01/2026 256.00 26/09/2011 Books B06811  
        Gynecology Smt. Bakul Tambat Institute of Nursing Education Smt. Bakul Tambat Institute of Nursing Education 26/09/2011 Jaypee Brothers Medical Publishers 350.00 3107 5 OG 610.7367 BAS B06812 BTIN-BK-6812 29/11/2025 21/11/2025 256.00 26/09/2011 Books B06812 1
        Gynecology Smt. Bakul Tambat Institute of Nursing Education Smt. Bakul Tambat Institute of Nursing Education 26/09/2011 Jaypee Brothers Medical Publishers 350.00 3107 3 OG 610.7367 BAS B06813 BTIN-BK-6813 04/09/2025 29/08/2025 256.00 26/09/2011 Books B06813